00383nam a22001337a 4500020001500000082002800015100002000043245004000063250001200103260007200115300001700187526003700204650000800241 a8120412575 a624.25bRAJcNUST, P-35 aRaju, N.Krishna aDesign of bridges /cN.Krishna Raju a3rd ed. aNew Delhi :bOxford & IBH Pulishing Company Private Limited,c1998. axv, 448 p. : a0b0c0d624_250000000000000_RAJ aMCE